Minkanreki /

Saved in:
Bibliographic Details
Main Author: Miyamoto, Tsuneichi, 1907-1981.
Format: Book
Language:Japanese
Published: Tōkyō : Rokuninsha, Shōwa 17 [1942]
Series:Minzoku sensho.
Subjects:
Tags: Add Tag
No Tags, Be the first to tag this record!
LEADER 00620cam a2200217Ia 4500
001 007721006-9
005 20020606104010.5
008 790328s1942 ja 000 0 jpn d
035 0 |a ocm04793703 
040 |a OSU  |c OSU  |d OCL  |d UMC  |d YNH 
090 |a GT4884.A2  |b M48 1942 
100 1 |a Miyamoto, Tsuneichi,  |d 1907-1981. 
245 1 0 |a Minkanreki /  |c Miyamoto Tsuneichi cho. 
260 |a Tōkyō :  |b Rokuninsha,  |c Shōwa 17 [1942] 
300 |a 277 p. ;  |c 19 cm. 
490 1 |a Minzoku sensho 
650 0 |a Festivals  |z Japan. 
651 0 |a Japan  |x Social life and customs. 
830 0 |a Minzoku sensho. 
988 |a 20020608 
906 |0 OCLC